|
|
|
|
| LEADER |
00000nam0a2200000 4500 |
| 001 |
288806 |
| 005 |
20231102000127.0 |
| 035 |
|
|
|a (RuTPU)RU\TPU\book\313305
|
| 090 |
|
|
|a 288806
|
| 100 |
|
|
|a 20150328d1967 km y0rusy50 ca
|
| 101 |
0 |
|
|a rus
|
| 102 |
|
|
|a RU
|
| 105 |
|
|
|a a z 000zy
|
| 200 |
1 |
|
|a Какая погода будет завтра?
|f Х. П. Погосян, И. Г. Ситников
|
| 210 |
|
|
|a Москва
|c Воениздат
|d 1967
|
| 215 |
|
|
|a 199 с.
|c ил.
|
| 225 |
1 |
|
|a Научно-популярная библиотека
|
| 606 |
1 |
|
|a Погода
|x Прогноз
|2 stltpush
|3 (RuTPU)RU\TPU\subj\49517
|9 68305
|
| 610 |
1 |
|
|a климат
|
| 610 |
1 |
|
|a метеорология
|
| 610 |
1 |
|
|a информация
|
| 610 |
1 |
|
|a температура
|
| 610 |
1 |
|
|a влажность
|
| 610 |
1 |
|
|a искусственные спутники
|
| 610 |
1 |
|
|a ураганы
|
| 610 |
1 |
|
|a смерчи
|
| 610 |
1 |
|
|a торнадо
|
| 610 |
1 |
|
|a численные методы
|
| 610 |
1 |
|
|a автоматизация
|
| 610 |
1 |
|
|a прогнозы
|
| 675 |
|
|
|a 551.509
|v 3
|
| 700 |
|
1 |
|a Погосян
|b Х. П.
|g Хорен Петрович
|
| 701 |
|
1 |
|a Ситников
|b И. Г.
|g Игорь Георгиевич
|
| 801 |
|
1 |
|a RU
|b 63413507
|c 20150328
|
| 801 |
|
2 |
|a RU
|b 63413507
|c 20210524
|g RCR
|
| 942 |
|
|
|c BK
|